<?xml version="1.0" encoding="UTF-8"?>
<collection xmlns="http://www.loc.gov/MARC21/slim">
  <record>
    <leader>00000nam  2200000   4500</leader>
    <controlfield tag="001">INLIS000000000003161</controlfield>
    <controlfield tag="005">20190628101205</controlfield>
    <datafield tag="035" ind1="#" ind2="#">
      <subfield code="a">0010-0718003161</subfield>
    </datafield>
    <controlfield tag="008">190628################g##########0#ind##</controlfield>
    <datafield tag="041" ind1=" " ind2=" ">
      <subfield code="a">id</subfield>
    </datafield>
    <datafield tag="082" ind1="#" ind2="#">
      <subfield code="a">155.646</subfield>
    </datafield>
    <datafield tag="090" ind1=" " ind2=" ">
      <subfield code="a">155.646 WEI m</subfield>
    </datafield>
    <datafield tag="100" ind1=" " ind2="#">
      <subfield code="a">Weiss, Donald H.</subfield>
    </datafield>
    <datafield tag="245" ind1="1" ind2="#">
      <subfield code="a">Manajemen Stres /</subfield>
      <subfield code="c">Donald H. Weiss</subfield>
    </datafield>
    <datafield tag="250" ind1="#" ind2="#">
      <subfield code="a">Ed. 1 Cet. 1</subfield>
    </datafield>
    <datafield tag="260" ind1="#" ind2="#">
      <subfield code="a">Jakarta :</subfield>
      <subfield code="b">Binarupa aksara,</subfield>
      <subfield code="c">1990</subfield>
    </datafield>
    <datafield tag="300" ind1="#" ind2="#">
      <subfield code="a">96 hlm. ;</subfield>
      <subfield code="c">18 cm</subfield>
    </datafield>
    <datafield tag="650" ind1=" " ind2="#">
      <subfield code="a">Stress Management -- Manajemen Stres</subfield>
    </datafield>
    <datafield tag="084" ind1="#" ind2="#">
      <subfield code="a">155.646 Wei m</subfield>
    </datafield>
    <datafield tag="520" ind1="#" ind2="#">
      <subfield code="a">Bila Anda hidup pada masa ini, kemungkinan besar anda bukanlah orang yang asing dengan stress. Situasi yang menimpulkan stress sangat banyak di tempat kerja maupun rumah, dan mengambil korban dari kehidupan anda. Penyakit, hubungan yang berantakan, dan kebiasaan berbahaya yang sulit untuk dihentikan adalah gejala dari stres. Untuk membantu anda mengendalikannya alih-alih membiarkan stres mengendalikan diri anda, Manajemen Stres memperlihatkan kepada anda bagaimana: - Mengidentifikas situasi yang menimbulkan stres di tempat kerja dan rumah, dan juga reaksi anda terhadap situasi bersangkutan; -Memanajemeni reaksi anda terhadap stres dengan memberikan "pertolongan pertama" kepada diri anda sendiri, dengan membuat perubahan yang perlu, dan dengan mengantisipasi dan merencanakan untuk menghadapi stres sebelumnya.; -Memerasngi stres dengan mengembangkan kebiasaan makan, tidur dan latihan anti stres.; -Menjalankan "sesi umpan balik" yang mengurangi stres di dalam kesulitan kerja dan hubungan keluarga.</subfield>
    </datafield>
    <datafield tag="856" ind1="#" ind2="#">
      <subfield code="a">Perpustakaan Lembaga Administrasi Negara</subfield>
    </datafield>
    <datafield tag="990" ind1="#" ind2="#">
      <subfield code="a">96080463</subfield>
    </datafield>
    <datafield tag="990" ind1="#" ind2="#">
      <subfield code="a">96080463</subfield>
    </datafield>
  </record>
</collection>
